000 00794nam a22002055i 4500
001 160929
003 ES-MaACL
005 20230906212146.0
008 041005s1872 gw |||| | eng d
040 _aCAM
_bspa
_cCAM
100 1 _aOliphant, Margaret.
_9130611
245 1 0 _aMemoir of Count de Montalembert, Peer of France...
_b: a chapter of recent french history /
_cby Mrs. Oliphant.
260 _aLeipzig :
_bBernhard Tauchnitz,
_c1872.
300 _a2 v. (318 ; 304 p.) ;
_c16 cm.
490 1 _aCollection of british authors ;
_v1284 ; 1285
600 1 4 _aMontalembert, Charles Forbes
_ccomte de (
_d1810-1870)
_9130077
830 0 _aCollection of british authors ;
_v1284 ; 1285
_9180703
852 _aES-MaACL
_jG-12672
_z-- Enc. hol.
_z-- Enc. 2 t. en 1 v.
999 _c160929
_d160929